| 000 | 00380nam a22001217a 4500 | ||
|---|---|---|---|
| 082 | _a200 THE | ||
| 100 |
_aMuhmmad Salman Bashir _973194 |
||
| 245 | _aTH-SOF-1783-State Observer Based Nonlinear Control of Cuk Converter Converter | ||
| 260 |
_aISLAMABAD _bNUST COLLEGE OF EME _c2020 |
||
| 650 | _aMS-ELECT-16 | ||
| 700 |
_aSupervisor Dr. Muhmmad Zeeshan _973195 |
||
| 942 |
_cREF _2ddc |
||
| 999 |
_c579019 _d579019 |
||